000 00536nam a2200181 i 4500
001 28585
003 ES-MaACL
005 20230906153906.0
007 t|
008 030117s1911 xxk ||||1| eng d
100 1 _aBaldwin, James Mark.
_924913
245 1 4 _aThe individual and society or psychology and sociology /
_cby James Mark Baldwin.
260 _aLondon :
_bRebman,
_c[1911] (
_fThe Gorham press)
300 _a210 p. ;
_c19 cm.
650 0 4 _aIndividuo y sociedad.
_9178816
852 _aES-MaACL
_jG-108
999 _c28585
_d28585